Vikings starting offense - Statistics

General Stats
  • This quiz has been taken 84 times
    4 since last reset
  • The average score is 6 of 12
Answer Stats
Hint Answer % Correct
WR 1 Justin Jefferson
100%
WR 2 Jordan Addison
75%
QB Kyler Murray
75%
RB Aaron Jones
50%
RT Brian O Neil
50%
LT Christian Darrisaw
50%
WR 3 Jauan Jennings
50%
TE TJ Hockenson
50%
C Blake Brandel
25%
RG Will Fries
25%
LG Donovan Jackson
0%
FB Max Bredeson
0%
No matching quizzes found
Score Distribution
Percent of People with Each Score
Percentile by Number Answered
Your Score History
You have not taken this quiz since the last reset